• Teyssier, Paul,

di Personal Name

Records bibliografici associati: 1

001 - CONTROL NUMBER

  • control field: 47677

003 - CONTROL NUMBER IDENTIFIER

  • control field: IT-RoINE

005 - DATE AND TIME OF LATEST TRANSACTION

  • control field: 20180419084115.0

008 - FIXED-LENGTH DATA ELEMENTS

  • fixed length control field: 180419|| aca||aabn | a|a d

040 ## - CATALOGING SOURCE

  • Original cataloging agency: IT-RoINE
  • Transcribing agency: IT-RoINE

100 ## - HEADING--PERSONAL NAME

  • Personal name: Teyssier, Paul,
  • Dates associated with a name: 1915-2002

670 ## - SOURCE DATA FOUND

  • Source citation: Work cat.: (IT-RoINE)0: Boissellier, Stéphane, 1966- 47674, Langues médiévales ibériques :, 2012.